Central Library OPAC University of Rajshahi

Parva naturalia / (Record no. 33048)

MARC details
000 -LEADER
fixed length control field 00804nam a22002411 4500
001 - CONTROL NUMBER
control field 33048
003 - CONTROL NUMBER IDENTIFIER
rucl marc code BD-RjUL
005 - DATE AND TIME OF LATEST TRANSACTION
control field 20211209051934.0
008 - FIXED-LENGTH DATA ELEMENTS--GENERAL INFORMATION
fixed length control field 140429s1955 enk b 001 0 eng
035 ## - SYSTEM CONTROL NUMBER
System control number (BD-RjUL)33138
040 ## - CATALOGING SOURCE
Original cataloging agency DLC
Transcribing agency IDeKN
Modifying agency OCoLC
-- DLC
-- BD-RjUL
Language of cataloging eng
041 ## - LANGUAGE CODE
Language code of text/sound track or separate title eng
082 ## - DEWEY DECIMAL CLASSIFICATION NUMBER
Classification number 185
Author mark and year ARP 1955
Edition number 23
100 1# - MAIN ENTRY--PERSONAL NAME
Personal name Aristotle.
9 (RLIN) 100424
245 10 - TITLE STATEMENT
Title Parva naturalia /
Statement of responsibility, etc. Aristotle ; a revised text with introduction and commentary by Sir David Ross.
260 ## - PUBLICATION, DISTRIBUTION, ETC. (IMPRINT)
Place of publication, distribution, etc. Oxford :
Name of publisher, distributor, etc. Clarendon Press,
Date of publication, distribution, etc. 1955.
300 ## - PHYSICAL DESCRIPTION
Pagination xi, 354 p. ;
Size 23 cm.
504 ## - BIBLIOGRAPHY, ETC. NOTE
Bibliography, etc Bibliography: p. [ix]-xi.
Bibliography, etc Includes index.
650 #0 - SUBJECT ADDED ENTRY--TOPICAL TERM
Topical term or geographic name as entry element Psychology
Form subdivision Early works to 1850.
9 (RLIN) 62212
700 1# - ADDED ENTRY--PERSONAL NAME
Personal name Ross, W. D.
Fuller form of name (William David),
Dates associated with a name 1877-1971, reviser, Introducer and commentator
942 ## - ADDED ENTRY ELEMENTS (KOHA)
Source of classification or shelving scheme Dewey Decimal Classification
Koha item type Rare Books
Holdings
Lost status Source of classification or shelving scheme Damaged status Not for loan Collection code Permanent Location Current Location Shelving location Date acquired Source of acquisition Cost, normal purchase price Total Checkouts Full call number Date last seen Copy number Koha item type
  Dewey Decimal Classification   Not For Loan Rare Books Central Library, University of Rajshahi Central Library, University of Rajshahi Rare Book Section 12/08/1955 O. U. P 20.00   RA 185 ARP 1955 29/04/2014 C-1 Rare Books